[Event "Staufer op-B 28th"]
[Site "Schwaebisch Gmuend"]
[Date "2016.01.03"]
[Round "4"]
[White "Schneider, Juergen"]
[Black "Haeussler, Stefan"]
[Result "0-1"]
[WhiteElo "1736"]
[BlackElo "1949"]
[PlyCount "54"]
[EventDate "2016.01.02"]
[EventType "swiss"]
[EventRounds "9"]
[EventCountry "GER"]
[SourceTitle "CBM 170 Extra"]
[Source "ChessBase"]
[SourceDate "2016.02.25"]
[SourceVersion "1"]
[SourceVersionDate "2016.02.25"]
[SourceQuality "1"]

1. Nf3 f5 2. d4 Nf6 3. Bg5 e6 4. c4 b6 5. e3 Bb7 6. Nc3 h6 7. Bh4 d6 8. Bd3 g5 9. Bg3 Qd7 10. Qc2 Nc6 11. a3 Ne7 12. 0-0-0 Bg7 13. h3 0-0-0 14. c5 Kb8 15. Kb1 Nfd5 16. Nxd5 Nxd5 17. Rc1 dxc5 18. dxc5 Nc3+ 19. bxc3 Qxd3 20. Qxd3 Rxd3 21. Ne5 Rd2 22. Nc4 Be4+ 23. Ka1 Rd5 24. cxb6 axb6 25. Nxb6 Rb5 26. Nd7+ Kc8 27. f3 Bc6 0-1